000 00742nam a2200217 i 4500
001 188006
003 ES-MaACL
005 20260217063018.0
007 t|
008 180409s1932 xxk ||||1| eng d
100 1 _aIngham, Albert Edward,
_d1900-1967
_9164555
245 1 4 _aThe distribution of prime numbers /
_cby A.E. Ingham.
260 _aCambridge :
_bCambridge University Press, 1932.
300 _a114 p. ;
_c22 cm.
490 1 _aCambridge tracts in mathematics and mathematical physics ;
_v30
650 4 _aFunciones Zeta.
_9164550
650 4 _aNĂºmeros primos.
_9164556
830 0 _aCambridge tracts in mathematics and mathematical physics ;
_v30
_9192958
852 _aES-MaACL
_jC-8168
999 _c188006
_d188006